00907nam a2200205Ia 4500003000900000008004100009020001800050040001600068080002300084111010400107245025700211260003700468300001500505490005100520650004100571650000900612650001600621700002000637710004400657IN-BaIIA211028s9999 xx 000 0 eng d a0-7923-2521-4 cIIA Library a52(082.1)bASS-186 aInternational Workshop of the Astronomical Observatory of Capodimonten6thcItalyd1991 Sept. 18-21 0aStellar jets and bipolar outflowsbproceedings of the sixth International workshop of the Astronomical Observatory of Capodimonte (OAC 6) held in Capri, Italy, September 18-21,1991cedited by L. Errico  aDordrechtbKluwer Academicc1993 axix, 426p. aAstrophysics and Space Science Library; v. 186 aAstronomy and Astrophysics Thesaurus aJets aPlasma jets aErrico, L., ed. aAstronomical Observatory of Capodimonte